| 000 | 00814nam a2200205Ia 4500 | ||
|---|---|---|---|
| 003 | GCL | ||
| 005 | 20240530103053.0 | ||
| 008 | 140319s9999 xx 000 0 ara d | ||
| 040 |
_aGCL / _cGCL |
||
| 082 | 0 | 4 |
_a235 _bم |
| 100 | 1 | _aالنسائى: ابو عبدالرحمن احمد بن على بن شعيب على بن سنان سن عمر بن بن دينار | |
| 245 | 1 | 0 |
_aالكتب الستة وشروحها: سنن النسائى / _cالنسائى: ابو عبدالرحمن احمد بن على بن شعيب على بن سنان سن عمر بن بن دينار |
| 260 |
_a[S.N] : _bدار سجنون ، _c1992 |
||
| 300 | _aمتعدد | ||
| 490 |
_aموسوعة السنة _v0 |
||
| 650 | 0 | 4 | _aالحديث |
| 650 | 0 | 4 | _aشرح الحديث |
| 650 | 0 | 4 | _aسنن النسائى |
| 942 |
_2ddc _cBK |
||
| 999 |
_c36582 _d36582 |
||